<?xml version="1.0" encoding="UTF-8"?>
<record
    xmlns:xsi="http://www.w3.org/2001/XMLSchema-instance"
    xsi:schemaLocation="http://www.loc.gov/MARC21/slim http://www.loc.gov/standards/marcxml/schema/MARC21slim.xsd"
    xmlns="http://www.loc.gov/MARC21/slim">

  <leader>00860nam a22002657a 4500</leader>
  <datafield tag="999" ind1=" " ind2=" ">
    <subfield code="c">308041</subfield>
    <subfield code="d">308041</subfield>
  </datafield>
  <controlfield tag="001"> 21832 </controlfield>
  <controlfield tag="003">UA-OsUOA</controlfield>
  <controlfield tag="005">20191111120757.0</controlfield>
  <controlfield tag="007">ta</controlfield>
  <controlfield tag="008">20031215b un ||||| |||| 00| 0 ukr d</controlfield>
  <datafield tag="020" ind1=" " ind2=" ">
    <subfield code="a">577730253&#x425;</subfield>
  </datafield>
  <datafield tag="040" ind1=" " ind2=" ">
    <subfield code="a">UA-OsUOA</subfield>
    <subfield code="b">ukr</subfield>
    <subfield code="c">UA-OsUOA</subfield>
    <subfield code="d">UA-OsUOA</subfield>
  </datafield>
  <datafield tag="041" ind1=" " ind2=" ">
    <subfield code="a">ukr</subfield>
  </datafield>
  <datafield tag="044" ind1=" " ind2=" ">
    <subfield code="a">UA</subfield>
  </datafield>
  <datafield tag="080" ind1=" " ind2=" ">
    <subfield code="a">004.656(038)</subfield>
  </datafield>
  <datafield tag="090" ind1=" " ind2=" ">
    <subfield code="a">004.656(038)</subfield>
    <subfield code="b">&#x41A;71</subfield>
  </datafield>
  <datafield tag="100" ind1=" " ind2=" ">
    <subfield code="a">&#x41A;&#x43E;&#x441;&#x441;&#x430;&#x43A; &#x41E;. &#x41C;.</subfield>
  </datafield>
  <datafield tag="245" ind1=" " ind2=" ">
    <subfield code="a">&#x410;&#x43D;&#x433;&#x43B;&#x43E;-&#x443;&#x43A;&#x440;&#x430;&#x457;&#x43D;&#x441;&#x44C;&#x43A;&#x438;&#x439; &#x441;&#x43B;&#x43E;&#x432;&#x43D;&#x438;&#x43A; &#x437; &#x456;&#x43D;&#x444;&#x43E;&#x440;&#x43C;&#x430;&#x442;&#x438;&#x43A;&#x438; &#x442;&#x430; &#x43E;&#x431;&#x447;&#x438;&#x441;&#x43B;&#x44E;&#x432;&#x430;&#x43B;&#x44C;&#x43D;&#x43E;&#x457; &#x442;&#x435;&#x445;&#x43D;&#x456;&#x43A;&#x438;: &#x43F;&#x43E;&#x43D;&#x430;&#x434; 15000 &#x442;&#x435;&#x440;&#x43C;&#x456;&#x43D;&#x456;&#x432;</subfield>
  </datafield>
  <datafield tag="260" ind1=" " ind2=" ">
    <subfield code="a">&#x41B;&#x44C;&#x432;&#x456;&#x432;</subfield>
    <subfield code="b">&#x411;&#x430;&#x41A;</subfield>
    <subfield code="c">1995</subfield>
  </datafield>
  <datafield tag="300" ind1=" " ind2=" ">
    <subfield code="a">304 &#x441;.</subfield>
  </datafield>
  <datafield tag="650" ind1=" " ind2="7">
    <subfield code="a">00 &#x417;&#x430;&#x433;&#x430;&#x43B;&#x44C;&#x43D;&#x456; &#x43F;&#x438;&#x442;&#x430;&#x43D;&#x43D;&#x44F; &#x43D;&#x430;&#x443;&#x43A;&#x438; &#x456; &#x43A;&#x443;&#x43B;&#x44C;&#x442;&#x443;&#x440;&#x438;</subfield>
    <subfield code="2">UDC</subfield>
  </datafield>
  <datafield tag="942" ind1=" " ind2=" ">
    <subfield code="c">BK</subfield>
    <subfield code="2">udc</subfield>
  </datafield>
  <datafield tag="955" ind1=" " ind2=" ">
    <subfield code="a">2</subfield>
  </datafield>
  <datafield tag="952" ind1=" " ind2=" ">
    <subfield code="0">0</subfield>
    <subfield code="1">0</subfield>
    <subfield code="2">udc</subfield>
    <subfield code="4">0</subfield>
    <subfield code="7">0</subfield>
    <subfield code="a">101</subfield>
    <subfield code="b">101</subfield>
    <subfield code="d">2005-04-07</subfield>
    <subfield code="g">12.15</subfield>
    <subfield code="i">15139</subfield>
    <subfield code="l">0</subfield>
    <subfield code="o">004.656(038) &#x41A;71</subfield>
    <subfield code="p">15139</subfield>
    <subfield code="r">2021-10-25 00:00:00</subfield>
    <subfield code="w">2003-12-15</subfield>
    <subfield code="y">BK</subfield>
  </datafield>
  <datafield tag="952" ind1=" " ind2=" ">
    <subfield code="0">0</subfield>
    <subfield code="1">0</subfield>
    <subfield code="2">udc</subfield>
    <subfield code="4">0</subfield>
    <subfield code="7">0</subfield>
    <subfield code="a">101</subfield>
    <subfield code="b">101</subfield>
    <subfield code="d">2012-08-27</subfield>
    <subfield code="i">15140</subfield>
    <subfield code="l">0</subfield>
    <subfield code="o">004.656(038) &#x41A;71</subfield>
    <subfield code="p">15140</subfield>
    <subfield code="r">2021-10-25 00:00:00</subfield>
    <subfield code="w">2003-12-15</subfield>
    <subfield code="y">BK</subfield>
  </datafield>
  <datafield tag="952" ind1=" " ind2=" ">
    <subfield code="0">0</subfield>
    <subfield code="1">0</subfield>
    <subfield code="2">udc</subfield>
    <subfield code="4">0</subfield>
    <subfield code="7">0</subfield>
    <subfield code="a">101</subfield>
    <subfield code="b">101</subfield>
    <subfield code="d">2005-04-07</subfield>
    <subfield code="g">10.60</subfield>
    <subfield code="i">15141</subfield>
    <subfield code="l">0</subfield>
    <subfield code="o">004.656(038) &#x41A;71</subfield>
    <subfield code="p">15141</subfield>
    <subfield code="r">2021-10-25 00:00:00</subfield>
    <subfield code="w">2003-12-15</subfield>
    <subfield code="y">BK</subfield>
  </datafield>
  <datafield tag="952" ind1=" " ind2=" ">
    <subfield code="0">0</subfield>
    <subfield code="1">0</subfield>
    <subfield code="2">udc</subfield>
    <subfield code="4">0</subfield>
    <subfield code="7">0</subfield>
    <subfield code="a">101</subfield>
    <subfield code="b">101</subfield>
    <subfield code="d">2005-04-07</subfield>
    <subfield code="g">10.60</subfield>
    <subfield code="i">15142</subfield>
    <subfield code="l">0</subfield>
    <subfield code="o">004.656(038) &#x41A;71</subfield>
    <subfield code="p">15142</subfield>
    <subfield code="r">2021-10-25 00:00:00</subfield>
    <subfield code="w">2003-12-15</subfield>
    <subfield code="y">BK</subfield>
  </datafield>
  <datafield tag="952" ind1=" " ind2=" ">
    <subfield code="0">0</subfield>
    <subfield code="1">0</subfield>
    <subfield code="2">udc</subfield>
    <subfield code="4">0</subfield>
    <subfield code="7">0</subfield>
    <subfield code="a">101</subfield>
    <subfield code="b">101</subfield>
    <subfield code="d">2005-04-07</subfield>
    <subfield code="g">20.70</subfield>
    <subfield code="i">15143</subfield>
    <subfield code="l">0</subfield>
    <subfield code="o">004.656(038) &#x41A;71</subfield>
    <subfield code="p">15143</subfield>
    <subfield code="r">2021-10-25 00:00:00</subfield>
    <subfield code="w">2003-12-15</subfield>
    <subfield code="y">BK</subfield>
  </datafield>
  <datafield tag="952" ind1=" " ind2=" ">
    <subfield code="0">0</subfield>
    <subfield code="1">0</subfield>
    <subfield code="2">udc</subfield>
    <subfield code="4">0</subfield>
    <subfield code="7">0</subfield>
    <subfield code="a">101</subfield>
    <subfield code="b">101</subfield>
    <subfield code="d">2005-04-07</subfield>
    <subfield code="g">2.00</subfield>
    <subfield code="i">15144</subfield>
    <subfield code="l">0</subfield>
    <subfield code="o">004.656(038) &#x41A;71</subfield>
    <subfield code="p">15144</subfield>
    <subfield code="r">2021-10-25 00:00:00</subfield>
    <subfield code="w">2003-12-15</subfield>
    <subfield code="y">BK</subfield>
  </datafield>
  <datafield tag="952" ind1=" " ind2=" ">
    <subfield code="0">0</subfield>
    <subfield code="1">0</subfield>
    <subfield code="2">udc</subfield>
    <subfield code="4">0</subfield>
    <subfield code="7">0</subfield>
    <subfield code="a">101</subfield>
    <subfield code="b">101</subfield>
    <subfield code="d">2005-04-07</subfield>
    <subfield code="g">10.60</subfield>
    <subfield code="i">15145</subfield>
    <subfield code="l">0</subfield>
    <subfield code="o">004.656(038) &#x41A;71</subfield>
    <subfield code="p">15145</subfield>
    <subfield code="r">2021-10-25 00:00:00</subfield>
    <subfield code="w">2003-12-15</subfield>
    <subfield code="y">BK</subfield>
  </datafield>
  <datafield tag="952" ind1=" " ind2=" ">
    <subfield code="0">0</subfield>
    <subfield code="1">0</subfield>
    <subfield code="2">udc</subfield>
    <subfield code="4">0</subfield>
    <subfield code="7">0</subfield>
    <subfield code="a">101</subfield>
    <subfield code="b">101</subfield>
    <subfield code="d">2005-04-07</subfield>
    <subfield code="g">10.60</subfield>
    <subfield code="i">15146</subfield>
    <subfield code="l">0</subfield>
    <subfield code="o">004.656(038) &#x41A;71</subfield>
    <subfield code="p">15146</subfield>
    <subfield code="r">2021-10-25 00:00:00</subfield>
    <subfield code="w">2003-12-15</subfield>
    <subfield code="y">BK</subfield>
  </datafield>
  <datafield tag="952" ind1=" " ind2=" ">
    <subfield code="0">0</subfield>
    <subfield code="1">0</subfield>
    <subfield code="2">udc</subfield>
    <subfield code="4">0</subfield>
    <subfield code="7">0</subfield>
    <subfield code="a">101</subfield>
    <subfield code="b">101</subfield>
    <subfield code="d">2005-03-11</subfield>
    <subfield code="g">20.70</subfield>
    <subfield code="i">23287</subfield>
    <subfield code="l">0</subfield>
    <subfield code="o">004.656(038) &#x41A;71</subfield>
    <subfield code="p">23287</subfield>
    <subfield code="r">2021-10-25 00:00:00</subfield>
    <subfield code="w">2003-12-15</subfield>
    <subfield code="y">BK</subfield>
  </datafield>
  <datafield tag="952" ind1=" " ind2=" ">
    <subfield code="0">0</subfield>
    <subfield code="1">0</subfield>
    <subfield code="2">udc</subfield>
    <subfield code="4">0</subfield>
    <subfield code="7">0</subfield>
    <subfield code="a">101</subfield>
    <subfield code="b">101</subfield>
    <subfield code="d">2005-03-11</subfield>
    <subfield code="g">20.70</subfield>
    <subfield code="i">23289</subfield>
    <subfield code="l">0</subfield>
    <subfield code="o">004.656(038) &#x41A;71</subfield>
    <subfield code="p">23289</subfield>
    <subfield code="r">2021-10-25 00:00:00</subfield>
    <subfield code="w">2003-12-15</subfield>
    <subfield code="y">BK</subfield>
  </datafield>
  <datafield tag="952" ind1=" " ind2=" ">
    <subfield code="0">0</subfield>
    <subfield code="1">0</subfield>
    <subfield code="2">udc</subfield>
    <subfield code="4">0</subfield>
    <subfield code="7">0</subfield>
    <subfield code="a">101</subfield>
    <subfield code="b">101</subfield>
    <subfield code="d">2005-03-11</subfield>
    <subfield code="g">20.70</subfield>
    <subfield code="i">23290</subfield>
    <subfield code="l">0</subfield>
    <subfield code="o">004.656(038) &#x41A;71</subfield>
    <subfield code="p">23290</subfield>
    <subfield code="r">2021-10-25 00:00:00</subfield>
    <subfield code="w">2003-12-15</subfield>
    <subfield code="y">BK</subfield>
  </datafield>
  <datafield tag="952" ind1=" " ind2=" ">
    <subfield code="0">0</subfield>
    <subfield code="1">0</subfield>
    <subfield code="2">udc</subfield>
    <subfield code="4">0</subfield>
    <subfield code="7">0</subfield>
    <subfield code="a">101</subfield>
    <subfield code="b">101</subfield>
    <subfield code="d">2005-03-11</subfield>
    <subfield code="g">20.70</subfield>
    <subfield code="i">23291</subfield>
    <subfield code="l">0</subfield>
    <subfield code="o">004.656(038) &#x41A;71</subfield>
    <subfield code="p">23291</subfield>
    <subfield code="r">2021-10-25 00:00:00</subfield>
    <subfield code="w">2003-12-15</subfield>
    <subfield code="y">BK</subfield>
  </datafield>
  <datafield tag="952" ind1=" " ind2=" ">
    <subfield code="0">0</subfield>
    <subfield code="1">0</subfield>
    <subfield code="2">udc</subfield>
    <subfield code="4">0</subfield>
    <subfield code="7">0</subfield>
    <subfield code="a">101</subfield>
    <subfield code="b">101</subfield>
    <subfield code="d">2012-08-27</subfield>
    <subfield code="i">23292</subfield>
    <subfield code="l">0</subfield>
    <subfield code="o">004.656(038) &#x41A;71</subfield>
    <subfield code="p">23292</subfield>
    <subfield code="r">2021-10-25 00:00:00</subfield>
    <subfield code="w">2003-12-15</subfield>
    <subfield code="y">BK</subfield>
  </datafield>
  <datafield tag="952" ind1=" " ind2=" ">
    <subfield code="0">0</subfield>
    <subfield code="1">0</subfield>
    <subfield code="2">udc</subfield>
    <subfield code="4">0</subfield>
    <subfield code="7">0</subfield>
    <subfield code="a">101</subfield>
    <subfield code="b">101</subfield>
    <subfield code="d">2012-08-30</subfield>
    <subfield code="i">23294</subfield>
    <subfield code="l">0</subfield>
    <subfield code="o">004.656(038) &#x41A;71</subfield>
    <subfield code="p">23294</subfield>
    <subfield code="r">2021-10-25 00:00:00</subfield>
    <subfield code="w">2003-12-15</subfield>
    <subfield code="y">BK</subfield>
  </datafield>
  <datafield tag="952" ind1=" " ind2=" ">
    <subfield code="0">0</subfield>
    <subfield code="1">0</subfield>
    <subfield code="2">udc</subfield>
    <subfield code="4">0</subfield>
    <subfield code="7">0</subfield>
    <subfield code="a">101</subfield>
    <subfield code="b">101</subfield>
    <subfield code="d">2019-07-13</subfield>
    <subfield code="g">25.00</subfield>
    <subfield code="i">23295</subfield>
    <subfield code="l">0</subfield>
    <subfield code="n">1</subfield>
    <subfield code="o">004.656(038) &#x41A;71</subfield>
    <subfield code="p">23295</subfield>
    <subfield code="r">2022-05-09 00:00:00</subfield>
    <subfield code="w">2003-12-15</subfield>
    <subfield code="y">BK</subfield>
  </datafield>
  <datafield tag="952" ind1=" " ind2=" ">
    <subfield code="0">0</subfield>
    <subfield code="1">0</subfield>
    <subfield code="2">udc</subfield>
    <subfield code="4">0</subfield>
    <subfield code="7">0</subfield>
    <subfield code="a">101</subfield>
    <subfield code="b">101</subfield>
    <subfield code="d">2005-03-11</subfield>
    <subfield code="g">20.70</subfield>
    <subfield code="i">23296</subfield>
    <subfield code="l">0</subfield>
    <subfield code="o">004.656(038) &#x41A;71</subfield>
    <subfield code="p">23296</subfield>
    <subfield code="r">2021-10-25 00:00:00</subfield>
    <subfield code="w">2003-12-15</subfield>
    <subfield code="y">BK</subfield>
  </datafield>
  <datafield tag="952" ind1=" " ind2=" ">
    <subfield code="0">0</subfield>
    <subfield code="1">0</subfield>
    <subfield code="2">udc</subfield>
    <subfield code="4">0</subfield>
    <subfield code="7">0</subfield>
    <subfield code="a">102</subfield>
    <subfield code="b">102</subfield>
    <subfield code="d">2003-12-15</subfield>
    <subfield code="g">5.00</subfield>
    <subfield code="i">61574</subfield>
    <subfield code="l">0</subfield>
    <subfield code="o">004.656(038) &#x41A;71</subfield>
    <subfield code="p">61574</subfield>
    <subfield code="r">2022-02-06 00:00:00</subfield>
    <subfield code="w">2003-12-15</subfield>
    <subfield code="y">BK</subfield>
  </datafield>
  <datafield tag="952" ind1=" " ind2=" ">
    <subfield code="0">0</subfield>
    <subfield code="1">0</subfield>
    <subfield code="2">udc</subfield>
    <subfield code="4">0</subfield>
    <subfield code="7">0</subfield>
    <subfield code="a">102</subfield>
    <subfield code="b">102</subfield>
    <subfield code="d">2003-12-15</subfield>
    <subfield code="g">3.00</subfield>
    <subfield code="i">61575</subfield>
    <subfield code="l">0</subfield>
    <subfield code="o">004.656(038) &#x41A;71</subfield>
    <subfield code="p">61575</subfield>
    <subfield code="r">2022-02-06 00:00:00</subfield>
    <subfield code="w">2003-12-15</subfield>
    <subfield code="y">BK</subfield>
  </datafield>
  <datafield tag="952" ind1=" " ind2=" ">
    <subfield code="0">0</subfield>
    <subfield code="1">0</subfield>
    <subfield code="2">udc</subfield>
    <subfield code="4">0</subfield>
    <subfield code="7">0</subfield>
    <subfield code="a">101</subfield>
    <subfield code="b">101</subfield>
    <subfield code="d">2004-06-14</subfield>
    <subfield code="g">5.00</subfield>
    <subfield code="i">79533</subfield>
    <subfield code="l">0</subfield>
    <subfield code="o">004.656(038) &#x41A;71</subfield>
    <subfield code="p">79533</subfield>
    <subfield code="r">2021-10-20 00:00:00</subfield>
    <subfield code="w">2003-12-15</subfield>
    <subfield code="y">BK</subfield>
  </datafield>
  <datafield tag="952" ind1=" " ind2=" ">
    <subfield code="0">0</subfield>
    <subfield code="1">0</subfield>
    <subfield code="2">udc</subfield>
    <subfield code="4">0</subfield>
    <subfield code="7">0</subfield>
    <subfield code="a">102</subfield>
    <subfield code="b">102</subfield>
    <subfield code="d">2012-08-27</subfield>
    <subfield code="i">92043</subfield>
    <subfield code="l">0</subfield>
    <subfield code="o">004.656(038) &#x41A;71</subfield>
    <subfield code="p">92043</subfield>
    <subfield code="r">2022-02-11 00:00:00</subfield>
    <subfield code="w">2003-12-15</subfield>
    <subfield code="y">BK</subfield>
  </datafield>
  <datafield tag="952" ind1=" " ind2=" ">
    <subfield code="0">0</subfield>
    <subfield code="1">0</subfield>
    <subfield code="2">udc</subfield>
    <subfield code="4">0</subfield>
    <subfield code="7">0</subfield>
    <subfield code="a">102</subfield>
    <subfield code="b">102</subfield>
    <subfield code="d">2012-08-27</subfield>
    <subfield code="i">92044</subfield>
    <subfield code="l">0</subfield>
    <subfield code="o">004.656(038) &#x41A;71</subfield>
    <subfield code="p">92044</subfield>
    <subfield code="r">2022-02-09 00:00:00</subfield>
    <subfield code="w">2003-12-15</subfield>
    <subfield code="y">BK</subfield>
  </datafield>
  <datafield tag="952" ind1=" " ind2=" ">
    <subfield code="0">0</subfield>
    <subfield code="1">0</subfield>
    <subfield code="2">udc</subfield>
    <subfield code="4">0</subfield>
    <subfield code="7">0</subfield>
    <subfield code="a">102</subfield>
    <subfield code="b">102</subfield>
    <subfield code="d">2012-08-27</subfield>
    <subfield code="i">92045</subfield>
    <subfield code="l">0</subfield>
    <subfield code="o">004.656(038) &#x41A;71</subfield>
    <subfield code="p">92045</subfield>
    <subfield code="r">2022-02-11 00:00:00</subfield>
    <subfield code="w">2003-12-15</subfield>
    <subfield code="y">BK</subfield>
  </datafield>
  <datafield tag="952" ind1=" " ind2=" ">
    <subfield code="0">0</subfield>
    <subfield code="1">0</subfield>
    <subfield code="2">udc</subfield>
    <subfield code="4">0</subfield>
    <subfield code="7">0</subfield>
    <subfield code="a">101</subfield>
    <subfield code="b">101</subfield>
    <subfield code="d">2006-07-04</subfield>
    <subfield code="i">23288</subfield>
    <subfield code="l">0</subfield>
    <subfield code="o">004 (038) &#x41A;71</subfield>
    <subfield code="p">23288</subfield>
    <subfield code="r">2021-10-25 00:00:00</subfield>
    <subfield code="w">2006-07-04</subfield>
    <subfield code="y">BK</subfield>
  </datafield>
  <datafield tag="952" ind1=" " ind2=" ">
    <subfield code="0">0</subfield>
    <subfield code="1">0</subfield>
    <subfield code="2">udc</subfield>
    <subfield code="4">0</subfield>
    <subfield code="7">0</subfield>
    <subfield code="a">101</subfield>
    <subfield code="b">101</subfield>
    <subfield code="d">2006-07-04</subfield>
    <subfield code="i">23293</subfield>
    <subfield code="l">0</subfield>
    <subfield code="o">004 (038) &#x41A;71</subfield>
    <subfield code="p">23293</subfield>
    <subfield code="r">2021-10-25 00:00:00</subfield>
    <subfield code="w">2006-07-04</subfield>
    <subfield code="y">BK</subfield>
  </datafield>
  <datafield tag="952" ind1=" " ind2=" ">
    <subfield code="0">0</subfield>
    <subfield code="1">0</subfield>
    <subfield code="2">udc</subfield>
    <subfield code="4">0</subfield>
    <subfield code="7">0</subfield>
    <subfield code="a">101</subfield>
    <subfield code="b">101</subfield>
    <subfield code="d">2006-07-04</subfield>
    <subfield code="i">15137</subfield>
    <subfield code="l">0</subfield>
    <subfield code="o">004 (038) &#x41A;71</subfield>
    <subfield code="p">15137</subfield>
    <subfield code="r">2021-10-25 00:00:00</subfield>
    <subfield code="w">2006-07-04</subfield>
    <subfield code="y">BK</subfield>
  </datafield>
  <datafield tag="952" ind1=" " ind2=" ">
    <subfield code="0">0</subfield>
    <subfield code="1">0</subfield>
    <subfield code="2">udc</subfield>
    <subfield code="4">0</subfield>
    <subfield code="7">0</subfield>
    <subfield code="a">101</subfield>
    <subfield code="b">101</subfield>
    <subfield code="d">2006-07-04</subfield>
    <subfield code="i">15138</subfield>
    <subfield code="l">0</subfield>
    <subfield code="o">004 (038) &#x41A;71</subfield>
    <subfield code="p">15138</subfield>
    <subfield code="r">2021-10-25 00:00:00</subfield>
    <subfield code="w">2006-07-04</subfield>
    <subfield code="y">BK</subfield>
  </datafield>
  <datafield tag="952" ind1=" " ind2=" ">
    <subfield code="0">0</subfield>
    <subfield code="1">0</subfield>
    <subfield code="2">udc</subfield>
    <subfield code="4">0</subfield>
    <subfield code="7">0</subfield>
    <subfield code="a">101</subfield>
    <subfield code="b">101</subfield>
    <subfield code="d">2006-07-04</subfield>
    <subfield code="i">15147</subfield>
    <subfield code="l">0</subfield>
    <subfield code="o">004 (038) &#x41A;71</subfield>
    <subfield code="p">15147</subfield>
    <subfield code="r">2021-10-25 00:00:00</subfield>
    <subfield code="w">2006-07-04</subfield>
    <subfield code="y">BK</subfield>
  </datafield>
</record>
